Slow cooker : (Record no. 356393)
[ view plain ]
| 000 -LEADER | |
|---|---|
| fixed length control field | 00295nam a2200097Ia 4500 |
| 008 - FIXED-LENGTH DATA ELEMENTS--GENERAL INFORMATION | |
| fixed length control field | 180430s9999 xx 000 0 und d |
| 020 ## - INTERNATIONAL STANDARD BOOK NUMBER | |
| International Standard Book Number | 9781472344502 |
| 245 ## - TITLE STATEMENT | |
| Title | Slow cooker : |
| Remainder of title | everyday recipes to enjoy / |
| 260 ## - PUBLICATION, DISTRIBUTION, ETC. (IMPRINT) | |
| Place of publication, distribution, etc | WS Pacific Publications,Inc. |
| Name of publisher, distributor, etc | Parragon Books Ltd |
| Date of publication, distribution, etc | 2014 |
| 300 ## - PHYSICAL DESCRIPTION | |
| Extent | 30 pages |
| Withdrawn status | Lost status | Damaged status | Home library | Current library | Shelving location | Date acquired | Source of acquisition | Total Checkouts | Full call number | Barcode | Date last seen | Price effective from | Koha item type |
|---|---|---|---|---|---|---|---|---|---|---|---|---|---|
| College Library | College Library | General Circulation Section | 04/30/2018 | TX 747 .Sl634 2014 | C21495 | 05/15/2018 | 04/30/2018 | Books |